Arrondissements du Grand Est – Carte Quiz - Statistiques

Statistiques générales
  • Ce quiz a été pris 13 fois
  • Le résultat moyen est 21 sur 38
Réponses sur la Carte
Les réponses sont colorées sur une échelle allant du rouge au vert en fonction du pourcentage des utilisateurs qui les ont devinées à leur premier essai. Vous pouvez retrouver ces pourcentages ci-dessous.
 
Statistiques - réponses
Réponse % Correct
Charleville-Mézières
83%
Nogent-sur-Seine
83%
Châlons-en-Champagne
75%
Colmar-Ribeauvillé
75%
Haguenau-Wissembourg
75%
Strasbourg
75%
Langres
67%
Lunéville
67%
Metz
67%
Sarreguemines
67%
Épinal
58%
Forbach-Boulay-Moselle
58%
Nancy
58%
Sarrebourg-Château-Salins
58%
Saverne
58%
Sedan
58%
Sélestat-Erstein
58%
Troyes
58%
Verdun
58%
Vouziers
58%
Épernay
50%
Mulhouse
50%
Saint-Dié-des-Vosges
50%
Thionville
50%
Altkirc
42%
Bar-sur-Aube
42%
Chaumont
42%
Commercy
42%
Neufchâteau
42%
Rethel
42%
Saint-Dizier
42%
Thann-Guebwiller
42%
Val-de-Briey
42%
Vitry-le-François
42%
Bar-le-Duc
33%
Reims
33%
Toul
33%
Molsheim
25%
Aucun quiz correspondant
Distribution des résultats
% des personnes avec chaque résultat
Percentile par nombre de réponses
Votre historique - résultats
Vous n’avez pas pris ce quiz